000 00546nam a2200169 4500
008 050601s1962 -hk chi
090 _aBV4647.E53
_bH86b
100 0 _aHu, En-Der
245 1 0 _aBalm of Gilead {ch} /
_cEn-Der Hu.
250 _a2nd ed.
260 _aHong Kong :
_bZhuen-En Press,
_c1962.
300 _a20 p.
650 4 _aChristianity {ch}.
650 4 _aEngouragement
_xReligious aspects
_xChristianity {ch}.
650 4 _aGrace (Theology) {ch}.
951 _pC-6452
_x00031211
_oBV4647.E53/H86b
_j070613111457984
_d2000-12-21
_cPAM-CH
999 _c23494
_d23494